000 02154nam a22001577a 4500
041 _aukr
080 _a09
090 _bЧЕР
100 _aЧернецька В.В.
245 _aСемантичний аналіз лексики в книзі Майкла Мура "Dude, Wheres My Country?"
260 _aОстрог
_bКАФ
_c2010
300 _a58
520 _aВСТУП РОЗДІЛ 1 ЛЕКСИКО-СТИЛІСТИЧНІ АСПЕКТИ СТИЛЮ ХУДОЖНЬОЇ ЛІТЕРАТУРИ 1.1 Стилетворчі характеристики художньої літератури. 1.2 Лексичні особливості мови художньої літератури. Висновки до розділу 1 РОЗДІЛ 2 ЛЕКСИКО-СЕМАНТИЧНИЙ АНАЛІЗ ТВОРУ М.МУРА "DUDE, WHERES MY COUNTRY?" 2.1 Функціональні особливості тексту і лексики твору М.Мура "Dude, Wheres My Country?". 2.1.1 Лексикологічний та семасіологічний аспекти функціонування мовних одиниць у творі М.Мура "Dude, Wheres My Country?". 2.1.2 Морфологічний аспект функціонування мовних одиниць у творі М.Мура "Dude, Wheres My Country?". 2.1.3 Синтаксичний аспект функціонування мовних одиниць твору М.Мура "Dude, Wheres My Country?". 2.1.4 Пунктуаційний аспект функціонування мовних одиниць твору М.Мура "Dude, Wheres My Country?". 2.1.5 Графічний аспект функціонування мовних одиниць твору М.Мура "Dude, Wheres My Country?". 2.2 Стилістична диференціація лексики у творі М.Мура "Dude, Wheres My Country?". 2.3 Картина світу у творі М.Мура "Dude, Wheres My Country?". Висновки до розділу 2 ЗАГАЛЬНІ ВИСНОВКИ
_0художня літ.,М.Мур
650 _aResearch Papers
999 _c284233
_d284233
942 _cBK